LEADER 01781nam2 22004333i 450 001 RAV0056095 005 20231121125627.0 020 $aIT$b738501 100 $a20080207d1973 ||||0itac50 ba 101 | $aita 102 $ait 181 1$6z01$ai $bxxxe 182 1$6z01$an 200 0 $a1$fLuigi Einaudi 210 $aRoma$aBari$cLaterza$d1973 215 $aXXXI, 383 p.$d18 cm. 225 | $aUniversale Laterza$v249 410 0$1001CFI0000008$12001 $aUniversale Laterza$v249 461 1$1001RAV0056094$12001 $a˜Il œbuongoverno$esaggi di economia e politica$e1897-1954$fLuigi Einaudi$ga cura di Ernesto Rossi$v1 606 $aEconomia$2FIR$3RMLC000063$9I 606 $aPolitica$2FIR$3RMLC010974$9I 676 $a330.08$9$v21 700 1$aEinaudi$b, Luigi$3CFIV026671$0319569 702 1$aRossi$b, Ernesto$f <1897-1967>$3RAVV004515 790 0$aJunius$3TO0V504803$zEinaudi, Luigi 790 0$aVeterano$3TO0V536170$zEinaudi, Luigi 790 0$aEmpirico$3LO1V151820$zRossi, Ernesto <1897-1967> 790 0$aStoreno$3LO1V152692$zRossi, Ernesto <1897-1967> 790 1$aRossi$b, Ernesto$f <1897-1967>$3RMLV251455$zRossi, Ernesto <1897-1967> 801 3$aIT$bIT-01$c20080207 850 $aIT-RM1251 $aIT-FR0084 $aIT-FR0017 899 $aFONDAZIONE GIUSEPPE EMANUELE E VERA MODIGLIANI$bRM1251 899 $aBiblioteca Del Monumento Nazionale Di Montecassino$bFR0084 899 $aBiblioteca umanistica Giorgio Aprea$bFR0017 $eN 912 $aRAV0056095 950 2$aBiblioteca umanistica Giorgio Aprea$d 52MAG 1/478.1$e 52MAG0000045155 VMB RS $fA $h20181108$i20181108 977 $a 15$a 25$a 52 996 $a1$93615256 997 $aUNICAS LEADER 01608nam2 22003493i 450 001 NAP0409665 005 20251003044250.0 010 $a2876471035 100 $a20080609e19931906||||0itac50 ba 101 | $afre 102 $afr 181 1$6z01$ai $bxxxe 182 1$6z01$an 200 1 $aˆ1.4: ‰Calcul des probabilités. Théorie des erreurs. Applications diverses 210 $aSceaux$cJ. Gabay$d[1993] 215 $a640 col.$cill.$d18 x 25 cm 300 $aRipr. facs. dell'ed.: Paris : Gauthier Villars ; Leipzig : B. G. Teubner, 1906-1911. 461 1$1001PUV0962188$12001 $aEncyclopédie des sciences mathématiques pures et appliquées$fpubliée sous les auspices des académies des sciences de Göttingue, de Leipzig, de Munich et de Vienne avec la collaboration de nombreux savants$v1.4 606 $aMatematica$xEnciclopedie e dizionari$2FIR$3SBLC092649$9E 606 $aCalcolo delle probabilità$2FIR$3CFIC002424$9E 606 $aTeoria degli errori$2FIR$3CFIC009023$9I 676 $a510$9MATEMATICA$v14 676 $a519$9Probabilità e matematica applicata$v14 696 $aDizionari$aEnciclopedie 699 $aEnciclopedie e dizionari$xDizionari$xEnciclopedie 801 3$aIT$bIT-000000$c20080609 850 $aIT-BN0095 912 $aNAP0409665 950 2$aBiblioteca Centralizzata di Ateneo$cv. 1-8 in 22$d 01RIPR. FACSFr. A 0020$e 0102 0000066715 VMA (01.4 v. 1.4$fY $h20080609$i20080609 977 $a 01 996 $aCalcul des probabilités. Théorie des erreurs. Applications diverses$9103757 997 $aUNISANNIO